000 01363nam a2200301 a 4500
001 000044360
003 DO-SdBNP
005 20231128093456.0
007 000044360
008 140624s2008 dr a 000 j spa d
020 _a978994544261
040 _aBPMSU
_bspa
_cBPMSU
082 4 _aA863.08
_bC965p 2008
_222
245 0 0 _aCuentos de piratas, corsarios y bandidos. /
_cedición María del Mar Ravassa G.; ilustración Juan Carlos Nicholls.
250 _a
260 _aSanto Domingo, :
_bEditora Taller;
_bCoedición Latinoamericana,
_c2008
300 _a104 p. :
_bil. ;
_c22 cm.
490 0 _aCoedición Latinoamericana
500 _a
505 0 _tPresentación
_tEl Correvolando
_gBolivia
_tUn pirata sin piedad
_gBrasil
_tLa toma de Cartagena por Francis Drake
_gColombia
_tEl tesoro del monaguillo
_gChile
_tLa tortuga de Cliperton
_gEcuador
_tPiratas en Veracruz
_gMéxico
_tEl tamborcito del pirata
_gPerú
_tPedro el grande, el primer pirata del Caribe
_gRepública Dominicana
_tLos corsarios de Artigas
_gUruguay
_tVenturas y desventuras de dos piratas en tierras americanas
_gVenezuela
590 _aInventariado, 2023/VM
650 4 _aCuentos infantiles latinoamericanos
_vColecciones
700 1 _aMar Ravassa G., María del
_eed.
700 1 2 _aNicholls, Juan Carlos
_eil.
830 _a
910 _aVMateo V. Control de calidad. BPMSU
942 _2ddc
_cBK
999 _c7283
_d7283